000 00550nam a22001817a 4500
008 160708b xxu||||| |||| 00| 0 eng d
020 _a0135443059
050 _aHD 31 .S6963 1992
100 _aJames A. F. Stoner
_d1992
245 _aManagement
250 _a5ed.
260 _aNew Jersey
_bPrentice Hall
_c1992
300 _axxvii 734p;ill.
_bIncludes bibliographical references and indexes
650 _aManagement
700 _aJames A. F. Stoner
700 _aR. Edward Freeman
942 _2lcc
_cBOOKS
_hHD 31 .S6963 1992
_01
999 _c11402
_d11402